| 000 | 00000nam##2200000za#4500 |
| 001 | 9.626301 |
| 003 | CaOODSP |
| 005 | 20200327185711 |
| 007 | ta |
| 008 | 150406|2002||||xxc||||| f|0| 0 fre|d |
| 022 | |a0706-6570 |
| 040 | |aCaOODSP|bfre |
| 043 | |an-cn--- |
| 086 | 1 |aFS97-6/2445F |
| 110 | 1 |aCanada. |bMinistère des pêches et des océans. |
| 245 | 13|aLa pêche sportive hivernale dans le fjord du Saguenay / |c[par] J.-D. Lambert et S. Bérubé. |
| 260 | |aOttawa - Ontario : |bPêches et Océans Canada |c2002. |
| 300 | |ax, 58p. : |bfigures, références, tableaux ; |c28 cm. |
| 490 | 1 |aRapport technique canadien des sciences halieutiques et aquatiques|x0706-6570|v2445 |
| 500 | |aSur la couverture: Direction régionale des Sciences, Ministère des Pêches et des Océans, Institut Maurice-Lamontagne, 850, route de la Mer, C.P. 1000, Mont-Joli (Québec) G5H 3Z4. |
| 546 | |a(Abstracts in English.) |
| 563 | |aCouverture souple |
| 590 | |a03-31|b2003-08-01 |
| 691 | 07|aPêche sportive|2gcpds |
| 720 | 1 |aBérubé, S. |
| 720 | 1 |aLambert, J.-D. |
| 776 | 0#|tLa pêche sportive hivernale dans le fjord du Saguenay / |w(CaOODSP)9.604043 |
| 830 | #0|aRapport technique canadien des sciences halieutiques et aquatiques,|x0706-6570|v2445|w(CaOODSP)9.513015 |